| 000 | 00526cab a22001935a 4500 | ||
|---|---|---|---|
| 001 | L154216 | ||
| 008 | 111102e20110812xxk 000 0 eng d | ||
| 035 | _a(Sirsi) u154216 | ||
| 041 | 0 | _aeng | |
| 100 | 1 | _aWithers, Iain | |
| 245 | 0 | 0 | _aSetting it straight |
| 260 | _c2011 | ||
| 490 |
_aBuilding _v276 (8701) 28 October 2011, 28-30(3) |
||
| 520 | _aInterview with Sean Tompkins, chief executive of RICS. | ||
| 590 | _aKA | ||
| 651 | 4 |
_aUnited Kingdom _y |
|
| 690 | _aBUILT ENVIRONMENT-CONSTRUCTION MARKET | ||
| 942 | _n0 | ||
| 999 |
_c83538 _d83538 |
||